LEADER 01654nam 22004573 450 001 9911035170203321 005 20251022080550.0 010 $a3-8394-0479-7 035 $a(CKB)41665468500041 035 $a(MiAaPQ)EBC32334474 035 $a(Au-PeEL)EBL32334474 035 $a(OCoLC)1545807863 035 $a(EXLCZ)9941665468500041 100 $a20251022d2025 uy 0 101 0 $ager 135 $aur||||||||||| 181 $ctxt$2rdacontent 182 $cc$2rdamedia 183 $acr$2rdacarrier 200 10$aEcoFolk $eElementargeister und ökologische Ordnung in der Deutschsprachigen Literatur 205 $a1st ed. 210 1$aBielefeld :$ctranscript Verlag,$d2025. 210 4$d©2025. 215 $a1 online resource (187 pages) 311 08$a3-8376-7746-X 330 $aDer Begriff »EcoFolk« nimmt Phänomene und Praktiken im Grenzbereich von Literatur, Naturerfahrung und Naturgestaltung in den Blick, die sich eines (über-)natürlichen Figurenpersonals bedienen. 606 $aBUSINESS & ECONOMICS / Development / Sustainable Development$2bisacsh 606 $aLITERARY CRITICISM / General$2bisacsh 606 $aPOLITICAL SCIENCE / Public Policy / Economic Policy$2bisacsh 615 7$aBUSINESS & ECONOMICS / Development / Sustainable Development 615 7$aLITERARY CRITICISM / General 615 7$aPOLITICAL SCIENCE / Public Policy / Economic Policy 700 $aPenke$b Niels$01276465 701 $aLöcht$b Joana van de$01274271 801 0$bMiAaPQ 801 1$bMiAaPQ 801 2$bMiAaPQ 906 $aBOOK 912 $a9911035170203321 996 $aEcoFolk$94451078 997 $aUNINA